书目信息 |
| 题名: |
当代中国党的知识分子理论与实践
|
|
| 作者: | 曲峡 著 | |
| 分册: | ||
| 出版信息: | 东营 石油大学出版社 1996 |
|
| 页数: | 312页 | |
| 开本: | 20cm | |
| 丛书名: | ||
| 单 册: | ||
| 中图分类: | D663.5 | |
| 科图分类: | ||
| 主题词: | 知识分子--中国 | |
| 电子资源: | ||
| ISBN: | 7-5636-0898-2 | |
| 000 | 00649nam0 2200217 45 | |
| 001 | 0197031976 | |
| 005 | 20050328101749.0 | |
| 010 | @a7-5636-0898-2@dCNY15.00 | |
| 100 | @a19970926d1996 kemy0chiy0121 ea | |
| 101 | 0 | @achi |
| 102 | @aCN@b370000 | |
| 105 | @ay z 000yy | |
| 200 | 10 | @a当代中国党的知识分子理论与实践@Adang dai zhong guo dang de zhi shi fenzi li lun yu shi jian@f曲峡等著@FQu Xia Deng Zhu |
| 210 | @a东营@c石油大学出版社@d1996 | |
| 215 | @a312页@d20cm | |
| 300 | @a国家青年社会科学基金课题 | |
| 606 | @a知识分子@y中国 | |
| 690 | @aD663.5@v3 | |
| 701 | 0 | @a曲峡@4著 |
| 801 | 0 | @aCN@bNLC@c19971022 |
| 905 | @dD663.5@e13@f1@b275487 | |
| 当代中国党的知识分子理论与实践/曲峡等著.-东营:石油大学出版社,1996 |
| 312页;20cm |
| 国家青年社会科学基金课题 |
| ISBN 7-5636-0898-2:CNY15.00 |
| ● |
| 相关链接 |
|
|
|
|
正题名:当代中国党的知识分子理论与实践
索取号:D663.5/13
 
预约/预借
| 序号 | 登录号 | 条形码 | 馆藏地/架位号 | 状态 | 备注 |
| 1 | 0275486 | 000379566 | 第一借阅区/ [索取号:D663.5/13] | 在馆 | |
| 2 | 0275487 | 002032017 | 密集书库/ [索取号:D663.5/13] | 在馆 | |
| 3 | 0275488 | 000379575 | 第一样本阅览室/ [索取号:D663.5/13] | 在馆 |